North Korea Ally Countries - Statistics

General Stats
  • This quiz has been taken 738 times
    700 since last reset
  • The average score is 3 of 9
Answer Stats
Ally Countries % Correct
China
99%
Russia
98%
Syria
45%
Pakistan
38%
Malaysia
18%
Democratic Republic of Congo
13%
Bulgaria
12%
Benin
9%
Madagascar
7%
No matching quizzes found
Score Distribution
Percent of People with Each Score
Percentile by Number Answered
Your Score History
You have not taken this quiz since the last reset